000 00738nam a2200205Ia 4500
003 OSt
005 20250814135439.0
008 210210b2006 xxu||||| |||| 00| 0 eng d
040 _cAL
041 _aKannada
082 _aK894.8 SUBD
100 _aSubbanna K V nenapina modala odu malike:
_9140725
_dಸುಬ್ಬಣ್ಣ ಕೆ ವಿ ನೆನಪಿನ ಮೊದಲ ಓದು ಮಾಲಿಕೆ
245 _aDevanura Mahadeva avara ayda kathegalu
_b: ದೇವನೂರು ಮಹಾದೇವ ಅವರ ಆಯ್ದ ಕಥೆಗಳು
260 _aHeggodu
_bAkshara Prakashana
_c2006
300 _a108p.
650 _aDevanura Mahadeva
_9140726
690 _aKannada Collections
_9140727
906 _a061576
942 _2ddc
_cBK
999 _c108347
_d108347